000 00241nam a2200097Ia 4500
008 240625s9999 xx 000 0 und d
041 _aeng
082 _a808.20 TUT
100 _aTUTEJA KAPIL
245 _aRESEARCH BASED SURVEY ON CUSTOMER SATISF
999 _c35972
_d35972